[Event "Vimercate op 5th"]
[Site "Vimercate"]
[Date "2011.11.27"]
[Round "5"]
[White "Marino, Marco"]
[Black "Grassi, Andrea"]
[Result "1-0"]
[WhiteElo "1779"]
[BlackElo "1670"]
[PlyCount "63"]
[EventDate "2011.11.25"]
[EventType "swiss"]
[EventRounds "5"]
[EventCountry "ITA"]
[SourceTitle "EXT 2014"]
[Source "ChessBase"]
[SourceDate "2013.11.20"]
[SourceVersion "1"]
[SourceVersionDate "2013.11.20"]
[SourceQuality "1"]

1. e4 c5 2. Nf3 Nc6 3. c3 Nf6 4. e5 Ng4 5. d4 cxd4 6. cxd4 Qb6 7. Nc3 g6 8. h3 Nh6 9. g4 Bg7 10. Bg2 e6 11. 0-0 0-0 12. Ne4 Kh8 13. Rb1 Ng8 14. Be3 Qc7 15. Qd2 Nce7 16. Rbc1 Qd8 17. Nd6 f6 18. Rc2 b6 19. exf6 Bxf6 20. Ne5 Bxe5 21. dxe5 Ba6 22. Rfc1 Rb8 23. Bg5 b5 24. Rc7 Kg7 25. Qd4 Nc6 26. R1xc6 Qxg5 27. Ne4 Qf4 28. Rxd7+ Kh8 29. Rcc7 Ne7 30. Rxe7 Rb7 31. Rxb7 Qc1+ 32. Bf1 1-0